[Event "OMA-ch 10th"]
[Site "Muscat"]
[Date "2023.02.18"]
[Round "3"]
[White "Al Hosni, Khalfan"]
[Black "Al Yahmadi, Anas"]
[Result "1-0"]
[WhiteElo "1640"]
[BlackElo "1476"]
[PlyCount "117"]
[EventDate "2023.02.16"]
[EventType "swiss"]
[EventRounds "9"]
[EventCountry "OMN"]
[SourceTitle "EXT 2024"]
[Source "ChessBase"]
[SourceDate "2023.10.10"]
[SourceVersion "1"]
[SourceVersionDate "2023.10.10"]
[SourceQuality "1"]

1. e4 c5 2. Nf3 g6 3. d4 Bg7 4. c3 cxd4 5. cxd4 Nf6 6. Nc3 d6 7. Bb5+ Bd7 8. e5 Ng4 9. Bxd7+ Qxd7 10. h3 Nh6 11. Bf4 0-0 12. Qd2 Nf5 13. g4 dxe5 14. Nxe5 Qxd4 15. Qxd4 Nxd4 16. 0-0-0 Nbc6 17. Nxc6 Nxc6 18. Rd7 b6 19. Kb1 Rfd8 20. Rhd1 e5 21. Bg5 f6 22. Be3 Rxd7 23. Rxd7 Rd8 24. Rc7 Nd4 25. Rxa7 Rb8 26. Rd7 f5 27. Nd5 fxg4 28. hxg4 b5 29. g5 b4 30. Ne7+ Kf8 31. Bxd4 exd4 32. Nc6 Re8 33. Nxb4 Re2 34. a4 Rxf2 35. a5 Rf5 36. Rd5 d3 37. a6 Rxd5 38. Nxd5 Bd4 39. Nb4 Kg7 40. Nc6 Be3 41. a7 Bxa7 42. Nxa7 h5 43. gxh6+ Kxh6 44. Nc6 Kg5 45. Ne5 Kf5 46. Nxd3 g5 47. b4 Ke4 48. Kc2 Kd4 49. b5 Kd5 50. Kc3 g4 51. Kb4 Kd6 52. Ka5 Kc7 53. b6+ Kb7 54. Nc5+ Kb8 55. Ka6 g3 56. Nd7+ Kc8 57. b7+ Kxd7 58. b8Q g2 59. Qb7+ 1-0